Statistieken voor 2011 - Jaaroverzicht

Klik hier om de quiz te nemen!

Algemene statistieken

  • Deze quiz is 19 keer genomen
  • De gemiddelde score is 12 van 20

Antwoordstatistieken

BeschrijvingAntwoord% Correct
1e land in Afrika waar de regering vanwege de Arabische Lente ten val kwamEgypte
93%
2e land in Afrika waar de regering vanwege de Arabische Lente ten val kwamTunesië
93%
Artiest die "Rolling in the Deep" uitbrachtAdele
86%
Land getroffen door een aardbeving met kracht 9,0 en een bijhorende tsunamiJapan
86%
Europees land dat een deel van zijn schulden kwijtgescholden zagGriekenland
79%
3e land in Afrika waar de regering vanwege de Arabische Lente ten val kwamLibië
79%
Terroristische leider die door Amerikaanse troepen om het leven wordt gebrachtOsama bin Laden
79%
Land waar hij verborgen zatPakistan
71%
Technologie-fanaat en CEO die overlijdt aan kankerSteve Jobs
71%
Na 21 seizoenen zet deze Vlaamse reeks er een punt achter, al zouden er nog wel enkele films volgenF.C. De Kampioenen
64%
Artiest die "It will Rain" uitbrachtBruno Mars
57%
Deze persoon treedt af als politiek leider van TibetDalai Lama
57%
Welk wereldrecord krijgt België, na 541 dagen lukt "het" tochRegeringsvormen
57%
Nieuwe voice-assistent voor de iPhoneSiri
50%
Stad waar de kerncentrale smoltFukushima
36%
Prins William trouwt met deze vrouwKate Middleton
36%
Deze voormalige leider van Libië wordt gedoodMoammar al-Qadhafi
36%
Nieuwste onafhankelijke landZuid-Soedan
36%
Artiest die "Sexy and i know it" uitbrachtLMFAO
29%
Deze planeet heeft voor het eerst sinds zijn ontdekking in 1846 een volledige omwenteling rond de zon gedaanNeptunus
29%

Scoreverdeling

Percentiel versus Aantal Correcte Antwoorden

Procent van Mensen met Elke Score

Uw Scoregeschiedenis

U heeft deze quiz nog niet genomen